| 000 | 004800000a22001690004500 | ||
|---|---|---|---|
| 090 |
_aAR _b02327 |
||
| 245 | 1 | 0 | _aPlantae Colombianae I, a new species of Herrania from the Putumayo |
| 650 | 1 | 4 |
_aBotánica _9361 |
| 650 | 1 | 4 |
_aNuevas especies _992905 |
| 650 | 1 | 4 |
_aVegetación _992799 |
| 651 | 4 |
_dPutumayo _pColombia _992749 |
|
| 653 | _gHerrania | ||
| 041 | 0 | _aInglés | |
| 100 | 1 |
_aEvans Schultes, Richard _915229 |
|
| 942 | _cARTICULO | ||
| 773 | 1 |
_tCaldasia _345 _h4 _q19-24 _d1942 _g1 |
|
| 999 |
_c11398 _d11398 |
||